000 00926nam2a22002531 4500
001 RU\NLR\INFOCOMM4\1000587076
005 20250617122114.0
035 _a(NLR Aleph) 002598325
090 _a3420989
_c3420989
100 _a20040617d1986 |||y0rusy50 ca
101 0 _arus
102 _aRU
105 _ay |||||||||
200 1 _aКомплексное управление грузовыми и пассажирскими перевозками
_fФ.П. Кочнев
210 _d1986
_aБ. м.
461 0 _1001RU\NLR\INFOCOMM4\1000587071
_12001#$aОрганизация управления транспортом$vТ.5
_93420972
_cМ.
_d1978-
_tОрганизация управления транспортом
_vТ.5
700 1 _aКочнев
_bФ.П.
_4070
801 1 _aRU
_bInfoComm
_c20040617
801 0 _aRU
_bNLR
_gPSBO
852 _aNLR
_jП22/4740
942 _cISSUE
980 _aNB
980 _aRUSPER